000 00503nam a22001457a 4500
082 _a621.3
100 _aBatool, Sammana
245 _aImproved Techniques for Frequency Limited Gramians based Model Order Reduction of 2D Systems /
_cSammana Batool
260 _aIslamabad :
_bCEME - NUST,
_c2017.
300 _a47 p. ;
_c30cm.
650 _aElectrical Engineering-MS-Thesis
_916073
700 _aDr. Muwahida Liaquat
_917301
942 _2ddc
_cTHE
999 _c536495
_d536495